000 00725nam a2200217Ii 4500
003 JO-AjNU
008 230605s9999||||xx |||||||||||||| ||und||
020 _a9957-07-427-X
040 _aJO-AjNU
_bara
_erda
_cJO-AjNU
041 _aara
050 1 4 _aPJ7648.F37 2007
100 3 _aتأليف الفار،مصطفى ؛ م.مشارك داوود الشوابكة,
_eauthor
_911044
245 0 0 _aباقات من النثر العربي: دراسة تطبيقية
250 _aط1
264 3 1 _aعمان:دار الفكر،2005
300 _a149ص
336 _atext
_btxt
_2rdacontent
337 _aunmediated
_bn
_2rdamedia
338 _avolume
_bnc
_2rdacarrier
650 4 _aالنثر العربي - مختارات
_911045
999 _aA2119
_c5687
_d5687